Assessment, treatment, and prevention of suicidal behavior

Assessment, Treatment, and Prevention of Suicidal Behavior provides the most current and comprehensive source of information, guidelines, and case studies for working with clients at risk of suicide. It offers clinicians, counselors, and other mental health professionals a practical toolbox on three...

全面介紹

Đã lưu trong:
書目詳細資料
格式: 圖書
語言:Undetermined
出版: Hoboken, N.J. John Wiley 2005
主題:
標簽: 添加標簽
沒有標簽, 成為第一個標記此記錄!
Thư viện lưu trữ: Trung tâm Học liệu Trường Đại học Cần Thơ
LEADER 01895nam a2200205Ia 4500
001 CTU_157032
008 210402s9999 xx 000 0 und d
020 |c 90 
082 |a 616.85 
082 |b A846 
245 0 |a Assessment, treatment, and prevention of suicidal behavior 
245 0 |c Edited by Robert I. Yufit, David Lester 
260 |a Hoboken, N.J. 
260 |b John Wiley 
260 |c 2005 
520 |a Assessment, Treatment, and Prevention of Suicidal Behavior provides the most current and comprehensive source of information, guidelines, and case studies for working with clients at risk of suicide. It offers clinicians, counselors, and other mental health professionals a practical toolbox on three main areas of interest: Screening and Assessment covers empirically based assessment techniques and how they can define dimensions of vulnerability and measure the risk of self-destructive behavior. Authors discuss research on the use of each screening instrument, guidelines and suggestions for using the instrument in practice, and a case study illustrating its application. Intervention and Treatment compares several different approaches for structuring psychotherapy with suicidal clients. Each author covers a psychotherapy system, its application to suicidal clients, and a case study of its real-world use. Suicide and Violence explores the relationship between suicidal individuals and violence, covering suicide in specific contexts such as school violence, police confrontations, and terrorist violence. This section also includes a discussion of the increased risk of suicide in our more insecure and violent world, as well as how topromote coping styles for these new anxieties. 
650 |a Suicidal behavior,Suicidal behavior,Suicide 
650 |x Diagnosis,Treatment,Prevention 
904 |i Giang 
980 |a Trung tâm Học liệu Trường Đại học Cần Thơ